• 首页
  • 本馆介绍
  • 公告通知
  • 最新文献
  • 馆藏检索
  • 电子资源
  • 读者导购
  • 参考咨询
  • 我的图书馆
  • 登录
  • 详细信息显示
  • 放入我的书架
  • 预约/预借图书
  • 作者相关作品
  • 分类相关作品
  • 丛书相关作品
  • 出版社相关作品

书目信息

  • 表格格式
  • 工作单格式
  • 卡片格式
题名:
旅游管理信息系统
    
 
作者: 周春林 , 梁中 , 袁丁 编著
分册:  
出版信息: 北京   科学出版社  2006
页数: 11,373页
开本: 24cm
丛书名: 地理信息系统教学丛书
单 册:
中图分类: F59-39
科图分类:
主题词: 旅游业--管理信息系统--高等学校--教材
电子资源:
ISBN: 7-03-016784-8
000 01150oam2 2200313 450
001 012004046803
005 20070805081852.31
009 012004046803
010    @a7-03-016784-8@dCNY35.00
035    @a(110017)062002048040
100    @a20060620e20072006em y0chiy0110 ea
101 0  @achi
102    @aCN@b110000
105    @aab z 000yy
106    @ar
200 1  @a旅游管理信息系统@Alv you guan li xin xi xi tong@f周春林, 梁中, 袁丁等编著@Fzhou chun lin , liang zhong , yuan ding deng bian zhu
210    @a北京@c科学出版社@d2006@h2007重印
215    @a11,373页@c图,地图@d24cm
225 2  @a地理信息系统教学丛书@Adi li xin xi xi tong jiao xue cong shu
300    @a21世纪高等院校教材
330    @a本书立足于国家网络基础设施建设、社会信息化环境的发展变化,全面介绍了旅游信息化条件下,旅游管理信息系统的开发技术、应用现状和发展趋势等内容。
461  0 @12001 @a地理信息系统教学丛书
606 0  @a旅游业@x管理信息系统@x高等学校@j教材
690    @aF59-39@v4
701  0 @a周春林@Azhou chun lin@4编著
701  0 @a梁中@Aliang zhong@4编著
701  0 @a袁丁@Ayuan ding@4编著
801  0 @aCN@b110017@c20070805
905    @dF59-39@e178@f4
    
    旅游管理信息系统/周春林, 梁中, 袁丁等编著.-北京:科学出版社,2006(2007重印)
    11,373页:图,地图;24cm.-(地理信息系统教学丛书)
    21世纪高等院校教材
    
    ISBN 7-03-016784-8:CNY35.00
    本书立足于国家网络基础设施建设、社会信息化环境的发展变化,全面介绍了旅游信息化条件下,旅游管理信息系统的开发技术、应用现状和发展趋势等内容。
●
相关链接 在E读中查询图书 在五车中查询图书 在当当中查询图书 在豆瓣中查询图书


正题名:旅游管理信息系统     索取号:F59-39/178         预约/预借

序号 登录号 条形码 馆藏地/架位号 状态 备注
1 0852742   208527423   第一样本阅览室/ [索取号:F59-39/178] 在馆    
2 0852743   208527432   第一借阅区/ [索取号:F59-39/178] 在馆    
3 0852744   208527441   第一借阅区/ [索取号:F59-39/178] 在馆    
4 0852745   208527450   第一借阅区/ [索取号:F59-39/178] 在馆    
唐山师范学院图书馆 欢迎您!
大连网信软件有限公司© 版权所有